Welcome to the Holygrace Academy Library

Please use search bar below to get started

HANSEL AND GRETEL (Record no. 272)

MARC details
000 -LEADER
fixed length control field 00302nam a22001337a 4500
020 ## - INTERNATIONAL STANDARD BOOK NUMBER
ISBN 817826330-0
082 ## - DEWEY DECIMAL CLASSIFICATION NUMBER
Classification number 823
Item number GRI/H
100 ## - MAIN ENTRY--AUTHOR NAME
Personal name BROTHERS GRIMM
245 ## - TITLE STATEMENT
Title HANSEL AND GRETEL
260 ## - PUBLICATION, DISTRIBUTION, ETC. (IMPRINT)
Place of publication DELHI
Name of publisher ROHAN BOOK COMPANY
Year of publication 2003
300 ## - PHYSICAL DESCRIPTION
Number of Pages 224
650 ## - SUBJECT ADDED ENTRY--TOPICAL TERM
Topical Term MODERN ILLUSTRATED CLASSICS
942 ## - ADDED ENTRY ELEMENTS (KOHA)
Koha item type Books
Holdings
Withdrawn status Lost status Collection code Home library Current library Shelving location Date acquired Source of acquisition Cost, normal purchase price Full call number Accession Number Koha item type
    Fiction Main Library Main Library On Display 02/06/2009 purchase 35.00 823 GRI/H 04673 Books
    Fiction Main Library Main Library On Display 12/05/2009 purchase 30.00 823 GRI/H 04495 Books
    Fiction Main Library Main Library On Display 26/10/2006 Purchase 30.00 823 GRI/H 02433 Books